ბათუმის შოთა რუსთაველის სახელმწიფო უნივერსიტეტის ბიბლიოთეკა

ალმანახი: შეზღუდული შესაძლებლობის შესახებ (ბიბ.ჩანაწერი № 54786)

000 -LEADER
fixed length control field 00600nam a2200169Ia 4500
001 - CONTROL NUMBER
control field 21854
003 - CONTROL NUMBER IDENTIFIER
control field GE_BSU
008 - FIXED-LENGTH DATA ELEMENTS--GENERAL INFORMATION
fixed length control field 181216s||||||||xx |||||||||||||| ||und||
040 ## - CATALOGING SOURCE
Transcribing agency GE_BSU
245 ## - TITLE STATEMENT
Title ალმანახი: შეზღუდული შესაძლებლობის შესახებ
260 ## - PUBLICATION, DISTRIBUTION, ETC.
Place of publication, distribution, etc. თბილისი
260 ## - PUBLICATION, DISTRIBUTION, ETC.
Date of publication, distribution, etc. 2017
300 ## - PHYSICAL DESCRIPTION
Extent 92გვ. : ილ. ;30სმ
653 ## - INDEX TERM--UNCONTROLLED
Uncontrolled term ალმანახი: შეზღუდული შესაძლებლობის შესახებ
653 ## - INDEX TERM--UNCONTROLLED
Uncontrolled term პერიოდიკა
942 ## - ADDED ENTRY ELEMENTS (KOHA)
Koha item type პერიოდიკა
ეგზემპლარები
Withdrawn status Lost status Damaged status Not for loan Date acquired Barcode Date last seen Price effective from Koha item type
        2018-12-17 p 79036 2018-12-17 2018-12-17 პერიოდიკა
        2018-12-17 p 79035 2018-12-17 2018-12-17 პერიოდიკა
        2018-12-17 p 79034 2018-12-17 2018-12-17 პერიოდიკა
        2018-12-17 p 79033 2018-12-17 2018-12-17 პერიოდიკა
        2018-12-17 p 79032 2018-12-17 2018-12-17 პერიოდიკა